00604nam a2200169Ia 450000500170000000800410001702000180005808200130007624500950008926000460018430000200023050000430025070000250029394200060031895200950032499900150041920250703010859.0240331s9999 xx 000 0 und d a9789551302177 bSRIa495 0aSri Lankawe bhashaayithiwasikam :bDemala bhashawa rajya bhashawak lesa balathmaka kireema aSri LankabLaughter and Social Car c2008 a166 p ., ( c 2) aA book on Language Rights in Sri Lanka aSkandhasami,B. eedt cL 001040708LaWERCLbWERCLcSSCd2024-03-31l0o 495 SRIp6435r2024-03-31w2024-03-31yL c5162d5162